El poder autónomo del Estado: sus orígenes, mecanismos y resultados /
Guardado en:
| Autor principal: | |
|---|---|
| Formato: | Texto |
| Materias: | |
| Etiquetas: |
Agregar Etiqueta
Sin Etiquetas, Sea el primero en etiquetar este registro!
|
MARC
| LEADER | 00000 a a2200000 04500 | ||
|---|---|---|---|
| 001 | 4255 | ||
| 003 | |||
| 040 | |||
| 090 | |a REV0229 (59) 1993 | ||
| 100 | |a Mann, Michael | ||
| 245 | |a El poder autónomo del Estado: |b sus orígenes, mecanismos y resultados / |c Michael Mann | ||
| 650 | |a ESTADO | ||
| 650 | |a PODER POLITICO | ||
| 773 | |g número 59; páginas 9-50 | ||
| 999 | |c 20401 |d 20401 | ||
